LEADER 01077nam a2200277 4500 001 000000356074 003 CaOOAMICUS 005 20231113105110.0 008 231113s2023 it 000 u ita r 020 $a978-12-81351-13-4* 040 $aSeMil$bita 100 1 $aLombardi, Wanda.$0(OLS)http://semarc/name/118645 245 10$aOpera omnia /$cWanda Lombardi ; prefazione di Maria Rizzi. 250 $a2. ed. 264 1$aMilano :$bGuido Miano,$c2023. 300 $a199 p. ;$c21 cm 490 1 $aIl pendolo d'oro. Collana di testi letterari 700 1 $aRizzi, Maria.$0(OLS)http://semarc/name/118646 830 3$aIl pendolo d'oro. Collana di testi letterari.$0(OLS)http://semarc/title/446304 850 $aSeMil 852 $aSeMil$W1$xVenegono$y1$m1C II 235$j245225$B247256$CSeMilBibl$Z2$F247256 $81 961 $aEditore - Omaggio 996 $6020$a978-12-81351-13-4*$9(OLS)http://semarc/number/299264 996 $6245$aOpera omnia$9(OLS)http://semarc/title/2151 996 $6264$aMilano :$bGuido Miano$9(OLS)http://semarc/publisher/35316 LEADER 00594nam a2200169 i 4500 001 000000258123 003 CaOOAMICUS 005 20180413000000.0 008 180413s1848 xx u000 u eng u 013 $a237031 040 $aSeMil$bita 245 10$aVol. 3. 300 $a466 p. 773 0 $aMacaulay, Thomas Babington <1800-1859>$tCritical and historical essays.$b5. Ed.$dLondon : Longman, Brown, Green, and Longmans, 1848.$g3$w()5259 850 $aSeMil 852 $aSeMil$W1$xVenegono$y1$m3T V 40 FA$j208469$B208469$CSeMilBibl$Z2$F222103 $8I 996 $6245$aVol. 3$9(OLS)http://semarc/title/80712